[Event "GRE-chT 48th"]
[Site "Athens"]
[Date "2021.09.11"]
[Round "6.6"]
[White "Panagiotakopoulos, Gerasimos"]
[Black "Papasimakopoulos, Alexandros"]
[Result "1/2-1/2"]
[WhiteElo "2137"]
[BlackElo "2246"]
[PlyCount "23"]
[EventDate "2021.09.07"]
[EventType "team-swiss"]
[EventRounds "7"]
[EventCountry "GRE"]
[SourceTitle "CBM 204 Extra"]
[Source "ChessBase"]
[SourceDate "2021.11.30"]
[SourceVersion "1"]
[SourceVersionDate "2021.11.30"]
[SourceQuality "1"]
[WhiteTeam "Papagou"]
[BlackTeam "Kallytheas"]
[WhiteTeamCountry "GRE"]
[BlackTeamCountry "GRE"]

1. e4 e5 2. Nf3 Nc6 3. Bc4 Bc5 4. Nc3 d6 5. d3 Nf6 6. 0-0 0-0 7. Re1 Re8 8. Ng5 Rf8 9. Nf3 Re8 10. Ng5 Rf8 11. Nf3 Re8 12. Ng5 1/2-1/2

[Event "GRE-chT 48th"]
[Site "Athens"]
[Date "2021.09.10"]
[Round "5.7"]
[White "Sarandos, Vasilios"]
[Black "Panagiotakopoulos, Gerasimos"]
[Result "0-1"]
[WhiteElo "2201"]
[BlackElo "2137"]
[PlyCount "62"]
[EventDate "2021.09.07"]
[EventType "team-swiss"]
[EventRounds "7"]
[EventCountry "GRE"]
[SourceTitle "CBM 204 Extra"]
[Source "ChessBase"]
[SourceDate "2021.11.30"]
[SourceVersion "1"]
[SourceVersionDate "2021.11.30"]
[SourceQuality "1"]
[WhiteTeam "Ykaryas"]
[BlackTeam "Papagou"]
[WhiteTeamCountry "GRE"]
[BlackTeamCountry "GRE"]

1. d4 f5 2. Nf3 Nf6 3. g3 g6 4. Bg2 Bg7 5. 0-0 0-0 6. c4 d6 7. Nc3 Nc6 8. d5 Ne5 9. Nxe5 dxe5 10. Qb3 Kh8 11. Rd1 h6 12. c5 g5 13. Qa3 Qe8 14. b4 Qh5 15. Bf3 Qg6 16. Bb2 f4 17. d6 exd6 18. cxd6 c6 19. b5 Bd7 20. bxc6 Bxc6 21. Bxc6 bxc6 22. h3 Qh5 23. Kg2 fxg3 24. f3 g4 25. Rh1 gxf3+ 26. exf3 Rab8 27. Rhf1 e4 28. Na4 Rxb2+ 29. Nxb2 Nd5 30. f4 Qe2+ 31. Kxg3 Bxb2 0-1

[Event "GRE-chT 48th"]
[Site "Athens"]
[Date "2021.09.08"]
[Round "2.6"]
[White "Panagiotakopoulos, Gerasimos"]
[Black "Mitrandzas, Athanasios"]
[Result "1-0"]
[WhiteElo "2137"]
[BlackElo "2076"]
[PlyCount "71"]
[EventDate "2021.09.07"]
[EventType "team-swiss"]
[EventRounds "7"]
[EventCountry "GRE"]
[SourceTitle "CBM 204 Extra"]
[Source "ChessBase"]
[SourceDate "2021.11.30"]
[SourceVersion "1"]
[SourceVersionDate "2021.11.30"]
[SourceQuality "1"]
[WhiteTeam "Papagou"]
[BlackTeam "Keefysyas"]
[WhiteTeamCountry "GRE"]
[BlackTeamCountry "GRE"]

1. e4 c5 2. c3 Nf6 3. e5 Nd5 4. d4 e6 5. Nf3 cxd4 6. cxd4 d6 7. Bc4 Nc6 8. 0-0 Be7 9. Qe2 Nb6 10. Bb3 dxe5 11. dxe5 Qc7 12. Nc3 a6 13. Re1 Bd7 14. Bg5 Nd4 15. Nxd4 Bxg5 16. Nxe6 Bxe6 17. Bxe6 fxe6 18. Qh5+ Qf7 19. Qxg5 0-0 20. Qe3 Nc4 21. Qe2 Rac8 22. b3 Na3 23. Rac1 b5 24. Ne4 Rxc1 25. Rxc1 Qf4 26. Rc5 b4 27. g3 Qf5 28. f4 Rd8 29. Nd6 Qb1+ 30. Kg2 h6 31. Qg4 Nc2 32. Qxe6+ Kh8 33. Nf7+ Kh7 34. Qf5+ Kg8 35. Nxh6+ Kh8 36. Qxc2 1-0

[Event "GRE-chT 48th"]
[Site "Athens"]
[Date "2021.09.07"]
[Round "1.6"]
[White "Alexakis, Dimitris"]
[Black "Panagiotakopoulos, Gerasimos"]
[Result "1-0"]
[WhiteElo "2460"]
[BlackElo "2137"]
[PlyCount "57"]
[EventDate "2021.09.07"]
[EventType "team-swiss"]
[EventRounds "7"]
[EventCountry "GRE"]
[SourceTitle "CBM 204 Extra"]
[Source "ChessBase"]
[SourceDate "2021.11.30"]
[SourceVersion "1"]
[SourceVersionDate "2021.11.30"]
[SourceQuality "1"]
[WhiteTeam "Piraikos"]
[BlackTeam "Papagou"]
[WhiteTeamCountry "GRE"]
[BlackTeamCountry "GRE"]

1. e4 c5 2. Nc3 Nc6 3. Nge2 g6 4. d4 cxd4 5. Nxd4 Bg7 6. Be3 d6 7. Be2 Nf6 8. 0-0 0-0 9. Qd2 d5 10. Nxc6 bxc6 11. e5 Ng4 12. Bxg4 Bxg4 13. f4 f6 14. Bd4 Qb8 15. Qe3 fxe5 16. fxe5 Qxb2 17. Nxd5 Rxf1+ 18. Rxf1 Qxa2 19. Nxe7+ Kh8 20. Nxg6+ hxg6 21. e6 Kg8 22. Bxg7 Qd5 23. Qh6 Qc5+ 24. Kh1 Qh5 25. e7 Bf5 26. Qxh5 gxh5 27. Bh6 Rb8 28. h3 Kh7 29. Rxf5 1-0

[Event "GRE-chT Online Rapid op 1st"]
[Site "Tornelo INT"]
[Date "2021.02.21"]
[Round "5.2"]
[White "Magalakis, Stefanos"]
[Black "Panagiotakopoulos, Gerasimos"]
[Result "0-1"]
[WhiteElo "2030"]
[BlackElo "2137"]
[PlyCount "70"]
[EventDate "2021.02.20"]
[EventType "team-swiss (rapid)"]
[EventRounds "9"]
[EventCountry "GRE"]
[SourceTitle "EXT 2023"]
[Source "ChessBase"]
[SourceDate "2022.10.05"]
[SourceVersion "1"]
[SourceVersionDate "2022.10.05"]
[SourceQuality "1"]

1. Nf3 g6 2. g3 Bg7 3. Bg2 d6 4. d4 f5 5. 0-0 Nf6 6. Bg5 h6 7. Bxf6 Bxf6 8. Nbd2 0-0 9. e4 e5 10. dxe5 dxe5 11. exf5 gxf5 12. Nc4 Nc6 13. Nfd2 Be6 14. Qh5 Bg7 15. Rfe1 e4 16. Rad1 Qe7 17. c3 b5 18. Ne3 Ne5 19. f3 Nd3 20. fxe4 Nxe1 21. Rxe1 f4 22. gxf4 Rxf4 23. Nd5 Qc5+ 24. Kh1 Bxd5 25. exd5 Raf8 26. Ne4 Qe7 27. Qg6 Kh8 28. h3 R8f5 29. d6 cxd6 30. Qxd6 Re5 31. Qg6 Rf2 32. Qg3 Rxb2 33. a3 Qxa3 34. Rd1 Qe7 35. Nd6 Rg5 0-1

[Event "GRE-chT Online Rapid op 1st"]
[Site "Tornelo INT"]
[Date "2021.02.21"]
[Round "6.2"]
[White "Panagiotakopoulos, Gerasimos"]
[Black "Kosmas Lekkas, Dimitrios"]
[Result "0-1"]
[WhiteElo "2137"]
[BlackElo "2186"]
[PlyCount "44"]
[EventDate "2021.02.20"]
[EventType "team-swiss (rapid)"]
[EventRounds "9"]
[EventCountry "GRE"]
[SourceTitle "EXT 2023"]
[Source "ChessBase"]
[SourceDate "2022.10.05"]
[SourceVersion "1"]
[SourceVersionDate "2022.10.05"]
[SourceQuality "1"]

1. e4 c5 2. Nf3 Nc6 3. Bb5 Nf6 4. Nc3 g6 5. d3 Bg7 6. 0-0 0-0 7. e5 Ng4 8. Bxc6 dxc6 9. Qe2 Nh6 10. Ne4 b6 11. Bf4 Nf5 12. c3 Qd5 13. Qd2 c4 14. g4 cxd3 15. Rfe1 c5 16. c4 Nd4 17. Qxd3 Nxf3+ 18. Qxf3 Qxc4 19. Nf6+ exf6 20. exf6 Bxf6 21. Rac1 Bb7 22. Qg3 Qd5 0-1

[Event "GRE-chT Online Rapid op 1st"]
[Site "Tornelo INT"]
[Date "2021.02.20"]
[Round "3.7"]
[White "Laggousis, Andreas"]
[Black "Panagiotakopoulos, Gerasimos"]
[Result "0-1"]
[WhiteElo "1925"]
[BlackElo "2137"]
[PlyCount "48"]
[EventDate "2021.02.20"]
[EventType "team-swiss (rapid)"]
[EventRounds "9"]
[EventCountry "GRE"]
[SourceTitle "EXT 2023"]
[Source "ChessBase"]
[SourceDate "2022.10.05"]
[SourceVersion "1"]
[SourceVersionDate "2022.10.05"]
[SourceQuality "1"]

1. e4 c6 2. Nf3 d5 3. e5 Bg4 4. d3 e6 5. h3 Bxf3 6. Qxf3 c5 7. c3 Nc6 8. Bf4 Nge7 9. Bh2 Ng6 10. Qe2 Qg5 11. d4 cxd4 12. Qb5 Qc1+ 13. Ke2 0-0-0 14. g4 dxc3 15. bxc3 d4 16. Bg2 d3+ 17. Kf3 d2 18. Nxd2 Qxd2 19. Rhd1 Qxc3+ 20. Ke2 Qc2+ 21. Kf3 Rxd1 22. Rxd1 Qxd1+ 23. Kg3 Ngxe5 24. Kh4 Be7+ 0-1

[Event "GRE-chT 46th"]
[Site "Rio Achaia"]
[Date "2018.07.14"]
[Round "6.17"]
[White "Panagiotakopoulos, Gerasimos"]
[Black "Gkonelas, Nikolaos"]
[Result "1-0"]
[WhiteElo "2165"]
[BlackElo "1917"]
[PlyCount "47"]
[EventDate "2018.07.10"]
[EventType "team"]
[EventRounds "7"]
[EventCountry "GRE"]
[SourceTitle "CBM 185 Extra"]
[Source "ChessBase"]
[SourceDate "2018.07.29"]
[SourceVersion "1"]
[SourceVersionDate "2018.07.29"]
[SourceQuality "1"]
[WhiteTeam "Papagou AS"]
[BlackTeam "Larissa"]
[WhiteTeamCountry "GRE"]
[BlackTeamCountry "GRE"]

1. e4 e5 2. Nf3 Nc6 3. Bc4 Bc5 4. 0-0 Qe7 5. Nc3 Nf6 6. Nd5 Qd6 7. d3 Ne7 8. d4 Bxd4 9. Nxd4 Nfxd5 10. exd5 exd4 11. Qxd4 0-0 12. Bf4 Qg6 13. Bd3 Qh5 14. Bxc7 d6 15. Bxd6 Nf5 16. Bxf5 Bxf5 17. Bxf8 Rxf8 18. c4 Qg6 19. Rfe1 h5 20. Re3 Rc8 21. Rae1 f6 22. Qf4 Bd3 23. Qg3 Qxg3 24. hxg3 1-0

[Event "GRE-chT 45th"]
[Site "Achaia"]
[Date "2017.07.07"]
[Round "6.13"]
[White "Panagiotakopoulos, Gerasimos"]
[Black "Pavlidis, Anastasios"]
[Result "1/2-1/2"]
[WhiteElo "2223"]
[BlackElo "2398"]
[PlyCount "143"]
[EventDate "2017.07.03"]
[EventType "team-swiss"]
[EventRounds "7"]
[EventCountry "GRE"]
[SourceTitle "CBM 179 Extra"]
[Source "ChessBase"]
[SourceDate "2017.08.23"]
[SourceVersion "1"]
[SourceVersionDate "2017.08.23"]
[SourceQuality "1"]
[WhiteTeam "Papagou BC"]
[BlackTeam "Chania Kydon AO"]
[WhiteTeamCountry "GRE"]
[BlackTeamCountry "GRE"]

1. e4 d5 2. exd5 Qxd5 3. Nc3 Qd6 4. g3 c6 5. Bg2 Nf6 6. Nge2 Bf5 7. 0-0 e6 8. d3 Be7 9. b4 0-0 10. Rb1 a6 11. a4 Nd5 12. Ne4 Qd8 13. Bd2 b5 14. a5 Ra7 15. Qc1 Rd7 16. Qb2 Bxe4 17. Bxe4 c5 18. bxc5 Bxc5 19. Nf4 Nxf4 20. Bxf4 Qxa5 21. c4 Bd4 22. Qb3 e5 23. Be3 bxc4 24. dxc4 Rdd8 25. Bd5 Nd7 26. Bxd4 exd4 27. Ra1 Qb6 28. Qxb6 Nxb6 29. Rxa6 Nxd5 30. cxd5 Rxd5 31. Rd1 f5 32. Ra3 Rfd8 33. h4 Kf7 34. Kg2 h6 35. Kf3 d3 36. Rd2 g5 37. hxg5 hxg5 38. g4 f4 39. Ke4 Rd4+ 40. Kf3 R8d5 41. Kg2 Ke6 42. Rd1 Kd6 43. Rc3 Ke5 44. Rd2 Ke4 45. Rc8 Rb4 46. Rc3 Rb1 47. Rc4+ Rd4 48. Rc8 f3+ 49. Kh3 Rh1+ 50. Kg3 Rg1+ 51. Kh2 Rxg4 52. Re8+ Kd5 53. Rd8+ Ke6 54. Re8+ Kd7 55. Rh8 Kc7 56. Kh3 Rg2 57. Rc2+ dxc2 58. Rc8+ Kd6 59. Rc6+ Ke5 60. Re6+ Kd5 61. Rd6+ Kc4 62. Rxd4+ Kc3 63. Rd3+ Kb2 64. Rb3+ Kc1 65. Rb1+ Kd2 66. Rd1+ Ke2 67. Re1+ Kd3 68. Rd1+ Ke2 69. Re1+ Kxf2 70. Re2+ Kg1 71. Re1+ Kf2 72. Re2+ 1/2-1/2

[Event "GRE-chT 45th"]
[Site "Achaia"]
[Date "2017.07.03"]
[Round "1.17"]
[White "Panagiotakopoulos, Gerasimos"]
[Black "Tepelenis, Nikolaos"]
[Result "1/2-1/2"]
[WhiteElo "2223"]
[BlackElo "2084"]
[PlyCount "55"]
[EventDate "2017.07.03"]
[EventType "team-swiss"]
[EventRounds "7"]
[EventCountry "GRE"]
[SourceTitle "CBM 179 Extra"]
[Source "ChessBase"]
[SourceDate "2017.08.23"]
[SourceVersion "1"]
[SourceVersionDate "2017.08.23"]
[SourceQuality "1"]
[WhiteTeam "Papagou BC"]
[BlackTeam "Ioannina"]
[WhiteTeamCountry "GRE"]
[BlackTeamCountry "GRE"]

1. e4 e6 2. d4 d5 3. Nc3 Nc6 4. Nf3 Nf6 5. e5 Ne4 6. Ne2 f6 7. Ng3 f5 8. Be2 Be7 9. 0-0 0-0 10. c3 Na5 11. Nxe4 fxe4 12. Ne1 c5 13. f3 cxd4 14. cxd4 Qb6 15. fxe4 dxe4 16. Rxf8+ Bxf8 17. Nc2 Bd7 18. b3 Rc8 19. Rb1 Bb5 20. Bb2 Bxe2 21. Qxe2 Nc6 22. Qxe4 Nxe5 23. Ne3 Nd7 24. Nc4 Qc6 25. Qd3 Qc7 26. Qe4 Qc6 27. Qd3 Qc7 28. Qe4 1/2-1/2

[Event "GRE-chT 44th"]
[Site "Achaia"]
[Date "2016.07.06"]
[Round "3.11"]
[White "Deligiannis, Paraskevas1"]
[Black "Panagiotakopoulos, Gerasimos"]
[Result "0-1"]
[WhiteElo "2042"]
[BlackElo "2218"]
[PlyCount "64"]
[EventDate "2016.07.05"]
[EventType "team-swiss"]
[EventRounds "7"]
[EventCountry "GRE"]
[SourceTitle "CBM 173 Extra"]
[Source "ChessBase"]
[SourceDate "2016.08.29"]
[SourceVersion "1"]
[SourceVersionDate "2016.08.29"]
[SourceQuality "1"]
[WhiteTeam "Patras Sailing"]
[BlackTeam "Papagou DP"]
[WhiteTeamCountry "GRE"]
[BlackTeamCountry "GRE"]

1. Nf3 d5 2. g3 Nf6 3. Bg2 Bg4 4. 0-0 c6 5. d3 Nbd7 6. h3 Bh5 7. Nbd2 e6 8. e4 Bd6 9. Qe1 Qc7 10. a3 0-0 11. b3 Rfe8 12. Bb2 e5 13. Nh4 Bg6 14. Qe2 Nc5 15. Rfe1 a5 16. Kh1 b5 17. Nxg6 hxg6 18. h4 d4 19. Nf3 a4 20. b4 Ne6 21. Ng5 c5 22. Nxe6 Rxe6 23. Qd2 cxb4 24. axb4 Be7 25. Ra3 Rc6 26. Rc1 Qd6 27. c3 Rac8 28. Bh3 R8c7 29. f3 dxc3 30. Bxc3 Nh5 31. Kh2 Qf6 32. f4 Bxb4 0-1

[Event "GRE-chT 43rd"]
[Site "Porto Rio"]
[Date "2015.10.12"]
[Round "7.11"]
[White "Panagiotakopoulos, Gerasimos"]
[Black "Kesidis, Odyseas"]
[Result "0-1"]
[WhiteElo "2196"]
[BlackElo "2147"]
[PlyCount "84"]
[EventDate "2015.10.08"]
[EventType "team-swiss"]
[EventRounds "7"]
[EventCountry "GRE"]
[SourceTitle "CBM 168 Extra"]
[Source "ChessBase"]
[SourceDate "2015.10.29"]
[SourceVersion "1"]
[SourceVersionDate "2015.10.29"]
[SourceQuality "1"]
[WhiteTeam "Papagou"]
[BlackTeam "Florinas OP"]
[WhiteTeamCountry "GRE"]
[BlackTeamCountry "GRE"]

1. e4 e5 2. Nf3 Nc6 3. Bc4 Bc5 4. 0-0 d6 5. c3 Nf6 6. d4 Bb6 7. dxe5 Nxe5 8. Nxe5 dxe5 9. Qb3 0-0 10. Bg5 h6 11. Bh4 Qe7 12. Nd2 Rd8 13. Rad1 Bg4 14. Nf3 Bxf3 15. gxf3 g5 16. Bg3 Nd7 17. Qc2 c6 18. Rd2 Kg7 19. Rfd1 Nf8 20. b4 Ng6 21. a4 a6 22. Qb3 Rxd2 23. Rxd2 Rd8 24. Rxd8 Bxd8 25. b5 cxb5 26. axb5 a5 27. Qd1 Bb6 28. Qd5 Bc5 29. Bb3 b6 30. Kg2 Kf6 31. Qc6+ Qd6 32. Qe8 Qe7 33. Qc6+ Kg7 34. Qd5 Qf6 35. h3 h5 36. Ba2 a4 37. Qc4 a3 38. Qd5 h4 39. Bh2 g4 40. Qd1 gxh3+ 41. Kxh3 Bxf2 42. Qe2 Bg3 0-1

[Event "GRE-chT 43rd"]
[Site "Porto Rio"]
[Date "2015.10.10"]
[Round "5.11"]
[White "Panagiotakopoulos, Gerasimos"]
[Black "Spathopoulos, Diogenis"]
[Result "1/2-1/2"]
[WhiteElo "2196"]
[BlackElo "2011"]
[PlyCount "85"]
[EventDate "2015.10.08"]
[EventType "team-swiss"]
[EventRounds "7"]
[EventCountry "GRE"]
[SourceTitle "CBM 168 Extra"]
[Source "ChessBase"]
[SourceDate "2015.10.29"]
[SourceVersion "1"]
[SourceVersionDate "2015.10.29"]
[SourceQuality "1"]
[WhiteTeam "Papagou"]
[BlackTeam "Alexandroupolis Ethnikos"]
[WhiteTeamCountry "GRE"]
[BlackTeamCountry "GRE"]

1. e4 c5 2. Nf3 e6 3. b3 a6 4. Bb2 Nc6 5. g3 d5 6. Qe2 dxe4 7. Qxe4 Nf6 8. Qe2 Be7 9. Bg2 0-0 10. 0-0 Rb8 11. Na3 b5 12. c4 Qb6 13. Ne5 Nb4 14. Bc3 Bb7 15. d3 Bxg2 16. Kxg2 Nc6 17. Nc2 Rfd8 18. Rad1 Rb7 19. f4 Nd4 20. Bxd4 cxd4 21. g4 Nd7 22. Rf3 Bd6 23. Re1 Bxe5 24. fxe5 Nf8 25. h4 a5 26. h5 a4 27. b4 bxc4 28. dxc4 h6 29. Qd3 Nh7 30. Rf4 Rbd7 31. a3 Ng5 32. Kg3 Qb8 33. Rxd4 Rxd4 34. Nxd4 f6 35. Qe3 Qc7 36. c5 fxe5 37. Nb5 Qc6 38. Nd6 Rf8 39. Ne4 Rf3+ 40. Qxf3 Nxf3 41. Kxf3 Qd5 42. Re3 Qd1+ 43. Kg3 1/2-1/2

[Event "GRE-chT 43rd"]
[Site "Porto Rio"]
[Date "2015.10.09"]
[Round "3.3"]
[White "Panagiotakopoulos, Gerasimos"]
[Black "Papadopoulos, Argirios"]
[Result "1/2-1/2"]
[WhiteElo "2196"]
[BlackElo "2267"]
[PlyCount "78"]
[EventDate "2015.10.08"]
[EventType "team-swiss"]
[EventRounds "7"]
[EventCountry "GRE"]
[SourceTitle "CBM 168 Extra"]
[Source "ChessBase"]
[SourceDate "2015.10.29"]
[SourceVersion "1"]
[SourceVersionDate "2015.10.29"]
[SourceQuality "1"]
[WhiteTeam "Papagou"]
[BlackTeam "Chania ADA"]
[WhiteTeamCountry "GRE"]
[BlackTeamCountry "GRE"]

1. e4 e5 2. Nf3 Nc6 3. Bc4 Bc5 4. 0-0 Nf6 5. d4 Bxd4 6. Nxd4 Nxd4 7. f4 d6 8. fxe5 dxe5 9. Bg5 Be6 10. Na3 Qe7 11. c3 Bxc4 12. Bxf6 gxf6 13. Nxc4 Ne6 14. b4 Nf4 15. Kh1 Qe6 16. Ne3 Qc6 17. Nd5 Rd8 18. c4 Qxc4 19. Rc1 Rxd5 20. exd5 Qxd5 21. Qg4 Ne6 22. Rfd1 Qb5 23. Rxc7 Nxc7 24. Qc8+ Ke7 25. Qxh8 Ne6 26. Qxh7 Qxb4 27. Rb1 Qd4 28. Rxb7+ Kd6 29. Rb1 e4 30. Re1 Ng5 31. Qf5 e3 32. g3 Ke7 33. h4 Qc3 34. Re2 Qc6+ 35. Kg1 Nf3+ 36. Kf1 Nd2+ 37. Kg1 Nf3+ 38. Kf1 Nd2+ 39. Kg1 Nf3+ 1/2-1/2

[Event "GRE-chT 42nd"]
[Site "Porto Rio"]
[Date "2014.07.02"]
[Round "6.3"]
[White "Panagiotakopoulos, Gerasimos"]
[Black "Stavrianakis, Ioannis"]
[Result "1/2-1/2"]
[WhiteElo "2201"]
[BlackElo "2267"]
[PlyCount "154"]
[EventDate "2014.06.28"]
[EventType "team-swiss"]
[EventRounds "7"]
[EventCountry "GRE"]
[SourceTitle "EXT 2015"]
[Source "ChessBase"]
[SourceDate "2014.11.20"]
[SourceVersion "1"]
[SourceVersionDate "2014.11.20"]
[SourceQuality "1"]
[WhiteTeam "Papagou DP"]
[BlackTeam "Irakleiou CN"]
[WhiteTeamCountry "GRE"]
[BlackTeamCountry "GRE"]

1. e4 e6 2. d4 d5 3. Nc3 Nf6 4. Bg5 Bb4 5. exd5 Qxd5 6. Bxf6 gxf6 7. Qd2 Bxc3 8. Qxc3 Nc6 9. Nf3 Bd7 10. Bc4 Qe4+ 11. Kd2 0-0-0 12. Rae1 Qg4 13. Kc1 Qxg2 14. d5 exd5 15. Bxd5 Ne5 16. Qe3 Nxf3 17. Qxf3 Qxf3 18. Bxf3 Rhg8 19. Re3 Be6 20. a3 Rd4 21. Re4 Rxe4 22. Bxe4 Rg4 23. Bd3 Rh4 24. h3 Kd7 25. Kd2 Rxh3 26. Rxh3 Bxh3 27. Bxh7 f5 28. Ke3 Ke6 29. Kf4 Kf6 30. f3 b6 31. Kg3 Bf1 32. Kf4 Be2 33. Bxf5 Bxf3 34. c3 Bh5 35. Bc8 Ke7 36. Ba6 Bd1 37. Bc4 Ba4 38. Ke5 Bd7 39. Bd3 Be6 40. Be2 f6+ 41. Kf4 Kd6 42. Ke4 Kc5 43. Bd3 Bd7 44. Kf4 Kd5 45. Be2 a5 46. Bd3 c5 47. Be2 b5 48. Bd3 b4 49. Be2 bxc3 50. bxc3 Be6 51. Bb5 Kd6 52. Ke4 Bg4 53. Bc4 Bd7 54. Kf4 Be6 55. Bb5 Kd5 56. Be2 c4 57. Bd1 Bh3 58. Bf3+ Kc5 59. Be2 Kb5 60. Bd1 Kc5 61. Ba4 Kd5 62. Be8 Ke6 63. Ba4 Bf1 64. Bb5 Bd3 65. Ba4 Kd5 66. Be8 Kd6 67. Bb5 Bf1 68. Be8 Bh3 69. Ba4 Bd7 70. Bd1 Kc5 71. Bc2 Kb5 72. Bd1 Bh3 73. Ke4 f5+ 74. Kf4 Bf1 75. Kxf5 Bd3+ 76. Ke5 Bb1 77. Kd4 Ba2 1/2-1/2

[Event "GRE-chT 42nd"]
[Site "Porto Rio"]
[Date "2014.06.30"]
[Round "4.3"]
[White "Kounalakis, Evryklis"]
[Black "Panagiotakopoulos, Gerasimos"]
[Result "1-0"]
[WhiteElo "2190"]
[BlackElo "2201"]
[PlyCount "69"]
[EventDate "2014.06.28"]
[EventType "team-swiss"]
[EventRounds "7"]
[EventCountry "GRE"]
[SourceTitle "CBM 161 Extra"]
[Source "ChessBase"]
[SourceDate "2014.08.29"]
[SourceVersion "1"]
[SourceVersionDate "2014.08.29"]
[SourceQuality "1"]
[WhiteTeam "OFI"]
[BlackTeam "Papagou DP"]
[WhiteTeamCountry "GRE"]
[BlackTeamCountry "GRE"]

1. d4 f5 2. Bf4 Nf6 3. Nf3 e6 4. e3 Be7 5. Nbd2 0-0 6. Bd3 b6 7. c3 Bb7 8. Qc2 Nh5 9. Bg3 a5 10. 0-0-0 Na6 11. Ne1 c5 12. Be2 Nf6 13. Bf3 d5 14. Bh4 b5 15. dxc5 Nxc5 16. Kb1 Qc7 17. Nd3 Na4 18. Nb3 e5 19. Ndc1 Ne4 20. Bxe7 Qxe7 21. Bxe4 fxe4 22. Qe2 Qe8 23. Rd2 Qc6 24. f3 b4 25. cxb4 axb4 26. fxe4 dxe4 27. Rhd1 Ba6 28. Qg4 Rac8 29. Na5 Qb6 30. Rd7 Qf6 31. R1d6 Bd3+ 32. Nxd3 Qf1+ 33. Ne1 Rf7 34. Rxf7 Kxf7 35. Rd7+ 1-0

[Event "GRE-chT 42nd"]
[Site "Porto Rio"]
[Date "2014.06.29"]
[Round "3.3"]
[White "Liaskos, Leonidas"]
[Black "Panagiotakopoulos, Gerasimos"]
[Result "1/2-1/2"]
[WhiteElo "2103"]
[BlackElo "2201"]
[PlyCount "75"]
[EventDate "2014.06.28"]
[EventType "team-swiss"]
[EventRounds "7"]
[EventCountry "GRE"]
[SourceTitle "CBM 161 Extra"]
[Source "ChessBase"]
[SourceDate "2014.08.29"]
[SourceVersion "1"]
[SourceVersionDate "2014.08.29"]
[SourceQuality "1"]
[WhiteTeam "Aigaleo"]
[BlackTeam "Papagou DP"]
[WhiteTeamCountry "GRE"]
[BlackTeamCountry "GRE"]

1. e4 c5 2. Nf3 d6 3. d4 cxd4 4. Nxd4 Nf6 5. Nc3 g6 6. Be3 Bg7 7. f3 a6 8. Qd2 Nbd7 9. Bc4 b5 10. Bb3 Bb7 11. 0-0 Rc8 12. Kh1 Nb6 13. Bh6 Bxh6 14. Qxh6 Nc4 15. Bxc4 Rxc4 16. Rad1 e5 17. Nb3 b4 18. Na4 Rxc2 19. Nac5 Bc8 20. Nd3 Qe7 21. Rc1 Rxc1 22. Rxc1 Bb7 23. Nxb4 Qd8 24. Nc6 Bxc6 25. Rxc6 Ke7 26. Rxa6 Qc7 27. Qe3 Nd7 28. Ra7 Qc2 29. h3 Rc8 30. Qb6 Qd1+ 31. Kh2 Rc2 32. Qb7 Rxg2+ 33. Kxg2 Qe2+ 34. Kg3 Qe1+ 35. Kg2 Qe2+ 36. Kg3 Qe1+ 37. Kg2 Qe2+ 38. Kg3 1/2-1/2

[Event "GRE-chT 42nd"]
[Site "Porto Rio"]
[Date "2014.06.28"]
[Round "1.2"]
[White "Dimopoulos, Apostolos"]
[Black "Panagiotakopoulos, Gerasimos"]
[Result "1/2-1/2"]
[WhiteElo "1925"]
[BlackElo "2201"]
[PlyCount "111"]
[EventDate "2014.06.28"]
[EventType "team-swiss"]
[EventRounds "7"]
[EventCountry "GRE"]
[SourceTitle "CBM 161 Extra"]
[Source "ChessBase"]
[SourceDate "2014.08.29"]
[SourceVersion "1"]
[SourceVersionDate "2014.08.29"]
[SourceQuality "1"]
[WhiteTeam "Aigialeias Interior"]
[BlackTeam "Papagou DP"]
[WhiteTeamCountry "GRE"]
[BlackTeamCountry "GRE"]

1. e4 c5 2. Nf3 d6 3. Bc4 Nf6 4. Qe2 Nc6 5. c3 e6 6. d3 Be7 7. Bb3 0-0 8. 0-0 b6 9. Nbd2 Ba6 10. Re1 Qc7 11. Nf1 Rac8 12. h3 Ne5 13. c4 Nc6 14. Ba4 Rcd8 15. Bxc6 Qxc6 16. Bg5 h6 17. Bd2 Bb7 18. a3 Qc7 19. b4 Nd7 20. b5 Bf6 21. Rad1 a6 22. a4 axb5 23. axb5 Ra8 24. N1h2 Ra2 25. Ng4 Rfa8 26. Qe3 Qd8 27. Qf4 Qe7 28. Nxf6+ Nxf6 29. g4 Nd7 30. Bc3 R8a3 31. Rc1 e5 32. Qe3 Nf8 33. Ra1 Rxa1 34. Bxa1 Ng6 35. Bb2 Rb3 36. Qd2 Nf4 37. Re3 Nxh3+ 38. Kf1 Bc8 39. Qc2 Rxb2 40. Qxb2 Bxg4 41. Ng1 Nf4 42. f3 Bh3+ 43. Nxh3 Nxh3 44. Ke1 Qg5 45. Qc1 Nf4 46. Kd1 h5 47. Qd2 h4 48. Re1 h3 49. Kc2 Qg3 50. Rf1 Kh7 51. Qe1 Qxe1 52. Rxe1 Kh6 53. Rg1 Kh5 54. Rxg7 Kh4 55. Rg4+ Kh5 56. Rg7 1/2-1/2

[Event "GRE-ch U20"]
[Site "Peristeri"]
[Date "2010.01.07"]
[Round "7"]
[White "Panagiotakopoulos, Gerasimos"]
[Black "Tsiropoulas, Apostolos"]
[Result "1-0"]
[WhiteElo "2163"]
[BlackElo "2034"]
[PlyCount "75"]
[EventDate "2010.01.03"]
[EventType "swiss"]
[EventRounds "9"]
[EventCountry "GRE"]
[SourceTitle "CBM 134 Extra"]
[Source "ChessBase"]
[SourceDate "2010.03.03"]
[SourceVersion "1"]
[SourceVersionDate "2010.03.03"]
[SourceQuality "1"]

1. e4 e6 2. d4 d5 3. Nc3 Nf6 4. Bg5 Be7 5. e5 Nfd7 6. Bxe7 Qxe7 7. f4 a6 8. Nf3 c5 9. dxc5 Nxc5 10. Qd2 Nc6 11. 0-0-0 b5 12. Bd3 Bb7 13. Ne2 Ne4 14. Bxe4 dxe4 15. Ng5 Nb4 16. a3 Nd5 17. Nxe4 0-0 18. Nd6 Nb6 19. Rhg1 Bd5 20. Nd4 Rfd8 21. g4 Rxd6 22. exd6 Qxd6 23. Ne2 a5 24. Nc3 b4 25. Nxd5 Nxd5 26. Rg3 Rc8 27. f5 Qb6 28. fxe6 fxe6 29. g5 Nc3 30. bxc3 bxa3 31. Qd6 Qb2+ 32. Kd2 Rf8 33. Qxe6+ Kh8 34. Qb3 Rd8+ 35. Rd3 Rxd3+ 36. Kxd3 a4 37. Qxb2 axb2 38. Kc4 1-0

[Event "GRE-ch U20"]
[Site "Peristeri"]
[Date "2010.01.06"]
[Round "5"]
[White "Panagiotakopoulos, Gerasimos"]
[Black "Xylogiannopoulos, Antonios"]
[Result "1-0"]
[WhiteElo "2163"]
[BlackElo "2039"]
[PlyCount "85"]
[EventDate "2010.01.03"]
[EventType "swiss"]
[EventRounds "9"]
[EventCountry "GRE"]
[SourceTitle "CBM 134 Extra"]
[Source "ChessBase"]
[SourceDate "2010.03.03"]
[SourceVersion "1"]
[SourceVersionDate "2010.03.03"]
[SourceQuality "1"]

1. e4 c5 2. Nf3 Nc6 3. Bb5 Nf6 4. Nc3 g6 5. e5 Ng4 6. Bxc6 dxc6 7. 0-0 Bg7 8. Qe2 Qc7 9. Re1 0-0 10. d3 Nh6 11. Be3 b6 12. Bf4 Nf5 13. Qe4 Be6 14. h3 Rad8 15. Ng5 Rd4 16. Qf3 h6 17. Nxe6 fxe6 18. Bh2 Nh4 19. Qe3 g5 20. Ne2 Rd5 21. f4 gxf4 22. Bxf4 Nf5 23. Qd2 Qc8 24. Bh2 Qe8 25. Nf4 Nd4 26. c3 Rxf4 27. Bxf4 Nf5 28. Qe2 Kh7 29. Rad1 Qg6 30. Qg4 h5 31. Qxg6+ Kxg6 32. Kf2 Bh6 33. g3 h4 34. Kf3 Bxf4 35. gxf4 Kh5 36. Rg1 Ng3 37. b3 b5 38. d4 c4 39. bxc4 bxc4 40. a4 Ra5 41. Ra1 Kg6 42. Rgb1 Kf7 43. Rb4 1-0